000 00740nam a2200253Ia 4500
003 OSt
005 20220926012139.0
006 a|||||r|||| 00| 0
007 ta
008 220923b |||||||| |||| 00| 0 eng d
037 _cGeneral Book
040 _aRTL
_cRTL
_beng
041 _2eng
_aeng
082 _aB36M, K6
100 _aSeeley Robert T
_9315612
245 0 _aIntroduction to fourier series and integrals
260 _aNew York
_bBenjamin
_c1966
300 _ax,104p.
_ccm.
490 _aMathematics Monograph Series Ed by Robert Gunning and Hugo Rossi
500 _aBibliography: P 97-98
650 _aInfinite Series
942 _hB36M, K6
_cGB
_2CC
999 _c621881
_d621881